|
|
|
|
| LEADER |
00000nam0a2200000 4500 |
| 001 |
346859 |
| 005 |
20231102005931.0 |
| 010 |
|
|
|a 9787030389602
|
| 035 |
|
|
|a (RuTPU)RU\TPU\book\378744
|
| 090 |
|
|
|a 346859
|
| 100 |
|
|
|a 20211125d2016 k y0rusy50 ca
|
| 101 |
0 |
|
|a chi
|a eng
|
| 102 |
|
|
|a CN
|
| 105 |
|
|
|a a z 001zy
|
| 200 |
1 |
|
|a География. Доклады о научных исследованиях землепользования, почвенного покрова в Северном Китае и прилегающих районах
|
| 210 |
|
|
|a Пекин
|c [Б. и.]
|d 2016
|
| 215 |
|
|
|a 280 с.
|c ил.
|
| 300 |
|
|
|a На кит. яз.
|
| 320 |
|
|
|a Библиогр.: с. 268-280
|
| 606 |
1 |
|
|a Китай
|x География
|2 stltpush
|3 (RuTPU)RU\TPU\subj\70393
|9 84671
|
| 606 |
1 |
|
|a Землепользование
|x Сельское хозяйство
|2 stltpush
|3 (RuTPU)RU\TPU\subj\11688
|9 38600
|
| 606 |
1 |
|
|a Китайский язык
|2 stltpush
|3 (RuTPU)RU\TPU\subj\14450
|9 40833
|
| 610 |
1 |
|
|a Азия
|
| 610 |
1 |
|
|a Северо-Восток
|
| 610 |
1 |
|
|a поверхность
|
| 610 |
1 |
|
|a землеведение
|
| 610 |
1 |
|
|a природные условия
|
| 610 |
1 |
|
|a природные ресурсы
|
| 610 |
1 |
|
|a климат
|
| 610 |
1 |
|
|a население
|
| 610 |
1 |
|
|a экономическое положение
|
| 610 |
1 |
|
|a китайский язык
|
| 675 |
|
|
|a 91(51)
|v 4
|
| 675 |
|
|
|a 631.1
|v 4
|
| 801 |
|
1 |
|a RU
|b 63413507
|c 20211125
|
| 801 |
|
2 |
|a RU
|b 63413507
|c 20211221
|g RCR
|
| 942 |
|
|
|c BK
|